|
|
|
|
| LEADER |
01015nam a22002537a 4500 |
| 001 |
29228 |
| 003 |
BD-DhAAL |
| 005 |
20150512123236.0 |
| 008 |
150512s2008 cc ||||| |||| 00| 0 cen d |
| 020 |
|
|
|a 9787100055529
|
| 040 |
|
|
|a BD-DhAAL
|c BD-DhAAL
|
| 082 |
|
|
|2 22
|a 495.1
|
| 100 |
|
|
|a Weijia Huang; Qun Ao
|9 10946
|
| 245 |
|
|
|a 汉字部首例解 = Illustration of the radicals of Chinese characters /
|c Weijia Huang; Qun Ao
|
| 260 |
|
|
|a 11, 183 p. :
|b ill. ;
|c 23 cm.
|
| 300 |
|
|
|a 11, 183 p. :
|b ill. ;
|c 23 cm.
|
| 490 |
|
|
|a Shang wu guan shi yong Han yu shi zi pei xun jiao cai.
|
| 500 |
|
|
|a In Chinese and English.
|
| 541 |
|
|
|e 29228
|
| 650 |
|
|
|a Chinese language
|x Etymology.
|9 10947
|
| 852 |
|
|
|a Ayesha Abed Library
|c General Stacks
|
| 942 |
|
|
|2 ddc
|c BK
|
| 999 |
|
|
|c 34387
|d 34387
|
| 952 |
|
|
|0 0
|1 0
|2 ddc
|4 0
|6 495_100000000000000_WEI
|7 0
|9 53691
|a BRACUL
|b BRACUL
|c GEN
|d 2015-05-12
|e BRAC Institute of Language
|l 2
|m 9
|o 495.1 WEI
|p 3010029228
|r 2026-05-04
|s 2026-04-06
|t 1
|w 2015-05-12
|y BK
|x Transferred from BIL to BRACUL on 06/06/22
|